| 000 | 00918nam a2200277 a 4500 | ||
|---|---|---|---|
| 999 |
_c4002 _d4002 |
||
| 003 | ALUPE UNIVERSITY COLLEGE | ||
| 005 | 20220224113223.0 | ||
| 008 | 950907s1995 enk 001 0 eng d | ||
| 020 | _a0723418993 | ||
| 040 | _cALUPE UNIVERSITY COLLEGE | ||
| 050 |
_aRC682 _b.S53 1995 |
||
| 092 | _aD0502932210 | ||
| 100 | 1 | _aShapiro, Leonard M. | |
| 245 | 1 | 0 |
_aColor atlas of heart failure / _cLeonard M. Shapiro. |
| 250 | _a2nd ed | ||
| 260 |
_a[London] : _bMosby-Wolfe, _cc1995. |
||
| 300 |
_av, 160 p. : _bill. (some col.) ; _c27 cm. |
||
| 500 | _aFirst edition published as Colour atlas of heart failure, 1988. | ||
| 504 | _aIncludes bibliographical references and index. | ||
| 650 | 0 |
_aHeart failure _xAtlases. |
|
| 650 | 2 |
_aCardiovascular Diseases _xatlases. |
|
| 650 | 2 |
_aHeart Failure, Congestive _xatlases. |
|
| 942 |
_2lcc _cBK |
||